000 01659cam a2200445Ii 4500
001 45220551
003 OCoLC
005 20200314130324.0
008 001024s1999 sp a j 000 1 spa d
020 _a8427932499
_q(rustica)
020 _a9788427932494
_q(rustica)
020 _z8427936062 (tapa dura)
040 _aFBR
_erda
_cFBR
_dPAP
041 1 _aspa
_heng
090 _aJ SPANISH Fiction Paterson
100 1 _aPaterson, Katherine.
240 1 0 _aBridge to Terabithia.
_lSpanish.
245 1 3 _aUn puente hasta Terabithia /
_cKatherine Paterson ; ilustrado por Donna Diamond ; [traduccion de Barbara McShane y Javier Alfaya].
250 _a1a edicion.
260 _aBarcelona :
_bNoguer y Caralt,
_c1999.
264 1 _aBarcelona :
_bNoguer y Caralt,
_c1999.
300 _a122 pages :
_billustrations ;
_c20 cm.
336 _atext
_btxt
_2rdacontent.
337 _aunmediated
_bn
_2rdamedia.
338 _avolume
_bnc
_2rdacarrier.
500 _aOriginal title: Bridge to Terabithia, c1977 by Katherine Paterson.
500 _aFirst printed in Spanish in 1984 by Alfaguara.
520 _aThe life of a ten-year-old boy in rural Virginia expands when he becomes friends with a newcomer who subsequently meets an untimely death trying to reach their hideaway, Terabithia, during a storm.
650 1 _aFriendship.
650 1 _aDeath.
650 1 _aGeographical myths.
655 0 _aSpanish language materials.
655 0 _aJuvenile literature.
655 0 _aJuvenile fiction.
700 1 _aMcShane, Barbara.
700 1 _aAlfaya, Javier.
700 1 _aDiamond, Donna.
830 0 _aCuatro vientos ;
_v123.
942 _cBK
_2ddc
999 _c24465
_d24465